000 00298nam a22001337a 4500
008 170303b xxu||||| |||| 00| 0 eng d
020 _a9780323035668
041 _aeng
080 _26TH
_a616.073
100 _a6
101 _aSHM
245 _aRADIOLOGIC TECHNOLOGY
_cGURLEY. L.T
942 _2udc
_cBK
999 _c6649
_d6649